Cities by Former Name - Statistics

General Stats
  • This quiz has been taken 1,343 times
    1,130 since last reset
  • The average score is 17 of 30
Answer Stats
Hint Answer % Correct
Peking Beijing
97%
Constantinople Istanbul
97%
New Amsterdam New York
94%
Leningrad St Petersburg
93%
Edo Tokyo
92%
Tenochtitlán Mexico City
91%
Saigon Ho Chi Minh City
89%
Bombay Mumbai
89%
Calcutta Kolkata
87%
Stalingrad Volgograd
69%
Leopoldville Kinshasa
68%
Rangoon Yangon
65%
Canton Guangzhou
64%
Königsberg Kaliningrad
60%
Batavia Jakarta
59%
Kristiania Oslo
58%
Brunei Town Bandar Seri Begawan
56%
Madras Chennai
56%
Hanseong Seoul
56%
Angora Ankara
42%
Titograd Podgorica
37%
Salisbury Harare
27%
Sverdlovsk Yekaterinburg
26%
Ciudad Trujillo Santo Domingo
25%
Reval Tallinn
21%
Akmola Astana
18%
Godthaab Nuuk
16%
Kuybyshev Samara
15%
Molotov Perm
12%
Temasek Singapore
11%
No matching quizzes found
Score Distribution
Percent of People with Each Score
Percentile by Number Answered
Your Score History
You have not taken this quiz since the last reset